Quizzes
Events
Quiz Creation
Community
Videos
Private Events
Remove Ads
Sign In
Join for FREE
Feedback
Dark Mode
Quiz Categories
Sports
Geography
Music
Movies
Television
Just For Fun
Miscellaneous
History
Literature
Language
Science
Gaming
Entertainment
Religion
Holiday
For Kids
Quiz Lab
Recent
Popular Today
Quiz Kudos Today
Editor Picks
Curator Picks
Quizzes by...
Day
Popularity
Type
Ratings
Length
Year
Community
Subscriptions
Recent Discussions
Orange Saloon
Badges
Playlists
Quests
Create
Leaderboards
Showdown
Live 5
Trivia Bingo
Activity
Puzzle Library
Sporcle Events
Private Events
Virtual Trivia
Globe League
Become a Host
Pub Owners
SporcleCon
Opinionation
Our Games
Videos
Blog
Mobile Apps
Partnerships
Remove Ads and Go Orange
Feedback
Entertainment
Celebrity
Famous
Musical
Broadway
Show
Quote
Comic Books
Anime
Superhero
DC Comics
Marvel
Cartoons
Animation
Entertainment
Celebrity
Famous
Musical
Broadway
Show
Quote
Comic Books
Anime
Superhero
DC Comics
Marvel
Cartoons
Animation
Random Quiz
Search Sporcle
×
Quiz Lab
Quiz Lab
Entertainment
DC Villains
Type in answers that appear in a list
Type in answers that appear in a list
Classic
Best Score? Go Orange.
Common DC Villains Stats
Can you name the The Common DC Villains?
By
j0ej78w
6m
35 Questions
607 Plays
607 Plays
607 Plays
Comments
Comments
Give Quiz Kudos
Give Quiz Kudos
-
- Ratings
hide this ad
Replay
Link that replays current quiz
Next Quiz
Link to next quiz in quiz playlist
You Got
0%
They Got
Avg Score
45%
Avg Friend Score
Upgrade to see
Score Distribution
Jump to the score distribution portion of the page
Score
0/35
Timer
06:00
0
Plays Today
Hero
Villian
% Correct
Batman
Joker
95.6%
Superman
Lex Luthor
93.1%
Batman
Penguin
82.4%
Batman
Riddler
77.4%
Batman
Catwoman
76.9%
Green Lantern
Sinestro
74.1%
Batman
Two-Face
74%
Batman
Poison Ivy
71.8%
Batman
Mr. Freeze
66.9%
Batman
Scarecrow
64.6%
Flash
Captain Cold
60.5%
Superman
Brainiac
60%
Wonder Women
Cheetah
56.5%
Batman
Harley Quinn
56%
Superman
Darkseid
55%
Superman
Doomsday
51.4%
Superman
Metallo
47.6%
Batman
Killer Croc
47.6%
Hero
Villian
% Correct
Flash
Mirror Master
45%
Superman
General Zod
42.7%
Wonder Women
Ares
41.4%
Flash
Zoom
38.6%
Superman
Toyman
36.7%
Superman
Cyborg
31%
Superman
Bizzaro
29.5%
Flash
Heatwave
27.7%
Green Lantern
Mongul
27.7%
Green Lantern
Solomon Grundy
23.2%
Green Lantern
Parallax
22.6%
Green Lantern
Vandal Savage
9.9%
Flash
Shade
7.6%
Wonder Women
Silver Swan
5.6%
Superman
Jax-Ur
4.3%
Wonder Women
Doctor Poison
3.6%
Wonder Women
Dark Angel
0.8%
Quiz Playlist
Details
Report
Send in Message
Add To Playlist
Classic:
Type in answers that appear in a list
Quiz Source
Last Updated: Feb 16, 2017
Quiz Scoreboard
CHALLENGE
Sign Up to Join the Scoreboard
Show All
Scores
Hide
Comments
May contain spoilers
Recently Published
TV Characters by Other Roles V
by ghcgh
Television
5m
Decade Duel: World Leaders
by jenniferyan
History
4m
Alphabetical 'K' Countries by Flag Minefield
by ylime102
Geography
3m
More to Explore
Quiz From the Vault
Featured Blog Post
15 Basketball Trivia Facts You Can Be March Mad About
hide this ad
You Might Also Like...
Tags
common
DC Villains
Hero
Villains
Today's Top Quizzes in Entertainment
Browse Entertainment
hide this ad
Today's Top Quizzes in DC Villains
Browse DC Villains
Top Contributed Quizzes in Entertainment
1
B Names for Actresses
2
Decade Duel: Actor
3
C Names for Actors
4
C Names for Actresses
5
Decade Duel: Actress
6
D Names for Actors
7
D Names for Actresses
8
Eurovision 2023 Logic Puzzle
9
The Joker Actors by Order
10
B Names for Actors
Explore More
Trending Topics
Marvel
Harry Potter
Crossword
Kpop
NBA
Anime
Disney
WWE
Puzzle
Pokémon
NFL
Soccer
Country
Song
The Office
hide this ad
More By:
j0ej78w
Quiz
Plays
Rating
Category
Featured
Created
WWE/WWF Divas Debuts
1,695
2.14
Sports
Dec 23, 2009
WWE/WWF Championship Belts
1,021
1.55
Sports
Dec 24, 2009
Justice League Heros
807
3.00
Entertainment
Dec 28, 2009
Common DC Villains
607
1.38
Entertainment
Dec 28, 2009
Nickelodeon Shows
379
3.33
Entertainment
Dec 27, 2009
Go to Creator's Profile
Score Distribution
Quiz Creator Spotlight
j0ej78w
Follow
Send a Message
Quizzes Created
-
Created Quiz Play Count
-
More By This Creator
Popular Quizzes Today
1
Countries of Asia Without Outlines Minefield
2
Find the US States - No Outlines Minefield
3
Pick 6: Fruits
4
The Countries of the World
5
Find the Countries of Europe - No Outlines Minefield
6
Alphabetical 'K' Countries by Flag Minefield
7
US States
8
Find the US States
More Entertainment Quizzes
Avengers: Endgame Mondo Poster
Quiz Lab
Trending Quizzes
Pick 6: Mountains
Pick 6: Harry Potter
Pick 6: NFL Teams
Pick 6: Flags
C Names for Actors
Recently Updated
Adaptations: Name the Title
pecheneg
NWSL Teams
pecheneg
Women's Final Four Teams by Year
bhenderson79
Presidents Quartet II
eogle
Anything But Clue(do)
eogle
Anything But Oceanian Capitals
eogle
Anything But 7
eogle
Anything But Thing
eogle
Word Ladder: February 29
pecheneg
Song Title Questions
pecheneg
Trending Topics
NBA
Marvel
Crossword
Harry Potter
Kpop
Disney
Anime
WWE
NFL
Song
Puzzle
Pokémon
Soccer
Country
The Office
Your Account Isn't Verified!
In order to create a playlist on Sporcle, you need to verify the email address you used during registration. Go to your
Sporcle Settings
to finish the process.
Report this User
Report this user for behavior that violates our
Community Guidelines
.
Details:
Send Report
Go to the Sporcle.com Mobile Site →
Comments